000 00694nam a2200241Ia 4500
003 OSt
005 20221005085934.0
006 a|||||r|||| 00| 0
007 ta
008 221004b |||||||| |||| 00| 0 eng d
024 _a18819
037 _bGift, 04/06/2015,
_cTextual
040 _aCRL
_cCRL
_beng
041 _2eng
_aeng
082 _aO111,1K31:g, H6
100 _aDoren Mark Van
_956996
245 0 _aJohn Dryden
_b A study of his poetry
260 _aNew York
_bHenry Holt and Company USA
_c1946
300 _a298p.
_ccm.
650 _aENGLISH LITERATURE
942 _hO111,1K31:g, H6
_cTEXL
_2cc
999 _c995031
_d995031